| 000 | 01205nam a22003017i 4500 | ||
|---|---|---|---|
| 999 |
_c5085 _d5085 |
||
| 003 | URS | ||
| 005 | 20220117120636.0 | ||
| 008 | 180515b xxu||||| |||| 00| 0 eng d | ||
| 040 |
_aDLC _erda _cURS _dDLC _beng |
||
| 050 | 1 | 4 |
_aBF 121 _b.H548 1996 |
| 245 | 0 | 0 |
_aHilgard's introduction to psychology / _cRita L. Atkinson ... [and others].- |
| 246 | 3 | 0 | _aIntroduction to psychology. |
| 250 | _aTwelfth edition.- | ||
| 264 | 1 |
_aFort Worth : _bHarcourt Brace College Publishers, _c[1996] |
|
| 264 | 4 | _c©1996 | |
| 300 |
_axxi, 776 pages : _billustrations (some colored) ; _c29 cm |
||
| 336 |
_atext _btxt _2rdacontent |
||
| 337 |
_aunmediated _bn _2rdamedia |
||
| 338 |
_avolume _bnc _2rdacarrier |
||
| 500 | _aRev. edition of: Introduction to psychology / Rita L. Atkinson ... [and others]. 11th edition c1993. | ||
| 504 | _aIncludes bibliographical references (pages [710]-745) and indexes. | ||
| 650 | 0 | _aPsychology. | |
| 700 | 1 | _aAtkinson, Rita L. | |
| 700 | 1 |
_aHilgard, Ernest R. _q(Ernest Ropiequet), _d1904-2001. _tIntroduction to psychology . |
|
| 906 |
_a7 _bcbc _corignew _d2 _eopcn _f19 _gy-gencatlg |
||
| 942 |
_2lcc _cFR |
||